|
|
|
|
| LEADER |
00000nam0a2200000 4500 |
| 001 |
253195 |
| 005 |
20231101232823.0 |
| 010 |
|
|
|a 5020166960
|
| 020 |
|
|
|a RU
|b 89-44967
|
| 035 |
|
|
|a (RuTPU)RU\TPU\book\275581
|
| 090 |
|
|
|a 253195
|
| 100 |
|
|
|a 20140312d1989 k y0rusy5003 ca
|
| 101 |
0 |
|
|a rus
|
| 102 |
|
|
|a RU
|
| 105 |
|
|
|a y z 000zy
|
| 200 |
1 |
|
|a Ирано-иракский конфликт
|e исторический очерк
|f Ш. А. Ниязматов
|g Академия наук СССР (АН СССР), Институт востоковедения (ИВ)
|
| 210 |
|
|
|a Москва
|c Наука
|d 1989
|
| 215 |
|
|
|a 176 с.
|
| 320 |
|
|
|a Библиогр. в примеч.: с. 132-139.
|
| 606 |
1 |
|
|a Международные отношения в Азии
|2 stltpush
|3 (RuTPU)RU\TPU\subj\68723
|9 83889
|
| 610 |
1 |
|
|a ирано-иракский конфликт
|
| 610 |
1 |
|
|a внешняя политика
|
| 610 |
1 |
|
|a ирано-иракская война
|
| 610 |
1 |
|
|a история
|
| 610 |
1 |
|
|a 20 век
|
| 610 |
1 |
|
|a ООП
|
| 610 |
1 |
|
|a военные действия
|
| 610 |
1 |
|
|a экономическое положение
|
| 610 |
1 |
|
|a Персидский залив
|
| 686 |
|
|
|a Ф4(5)
|2 rubbk
|
| 700 |
|
1 |
|a Ниязматов
|b Ш. А.
|g Шодмон Ахтамович
|
| 712 |
0 |
2 |
|a Академия наук СССР (АН СССР)
|b Институт востоковедения (ИВ)
|c (Москва)
|2 stltpush
|3 (RuTPU)RU\TPU\col\11263
|
| 801 |
|
0 |
|a RU
|b RuMRKP
|c 19950417
|g psbo
|
| 801 |
|
1 |
|a RU
|b 63413507
|c 20140312
|
| 801 |
|
2 |
|a RU
|b 63413507
|c 20140505
|g RCR
|
| 942 |
|
|
|c BK
|